| 000 | 00761cam a2200289 4500 | ||
|---|---|---|---|
| 001 | 28399 | ||
| 010 | _a9724121224 | ||
| 005 | 20220405165308.0 | ||
| 021 |
_aPT _b138368/99 |
||
| 090 | _a28399 | ||
| 100 | _a20070918d2000 c y0pory5003 ba | ||
| 101 | 0 | _apor | |
| 102 | _aPT | ||
| 105 | _aa z 001yy | ||
| 106 | _ar | ||
| 930 | _lBECRE | ||
| 675 |
_a087.5 _vBN _zpor |
||
| 675 |
_a821.134.3-93"19" _vBN _zpor |
||
| 675 |
_a821.134.3-34"19" _vBN _zpor |
||
| 700 | 1 |
_aSoares, _bLuísa Ducla, _f1939- _92431 |
|
| 702 | 1 |
_aOliveira, _bPaula _4440 _94910 |
|
| 200 | 1 |
_aA vassoura mágica _fLuísa Ducla Soares _gil. Paula Oliveira |
|
| 205 | _a6a ed | ||
| 210 |
_aPorto _cASA, _d2003 |
||
| 215 |
_a27, [1] p. _cil. _d21 cm |
||
| 225 | 2 |
_aAsa juvenil. _iSérie azul |
|
| 990 | _cLIVROS | ||